LEADER 01097nam--2200373---450- 001 990001231710203316 005 20090428113031.0 035 $a000123171 035 $aUSA01000123171 035 $a(ALEPH)000123171USA01 035 $a000123171 100 $a20031031d1952----km-y0itay0103----ba 101 0 $aita 102 $aIT 105 $a||||||||001yy 200 1 $a<> persona giuridica come soggetto strumentale$fGaetano Arangio-Ruiz 210 $aMilano$cGiuffrè$d1952 215 $a158 p.$d25 cm. 300 $aRistampa emendata 410 0$12001 454 1$12001 461 1$1001-------$12001 700 1$aARANGIO-RUIZ,$bGaetano$0286008 801 0$aIT$bsalbc$gISBD 912 $a990001231710203316 951 $aXXV.1.D 3 (IX A 28)$b12446$cIX A$d00171074 959 $aBK 969 $aUMA 979 $aSIAV3$b10$c20031031$lUSA01$h1406 979 $aPATRY$b90$c20040406$lUSA01$h1728 979 $aRSIAV5$b90$c20090422$lUSA01$h1108 979 $aRSIAV2$b90$c20090428$lUSA01$h1130 996 $aPersona giuridica come soggetto strumentale$9750053 997 $aUNISA LEADER 01106nam--2200397---450- 001 990003311160203316 005 20091006152634.0 010 $a978-2-253-06177-9 035 $a000331116 035 $aUSA01000331116 035 $a(ALEPH)000331116USA01 035 $a000331116 100 $a20090915d1991----km-y0itay50------ba 101 $afre 102 $aFR 105 $a||||||||001yy 200 1 $a<> Jardins de lumière$fAmin Maalouf 210 $aParis$cLattès$dcopyr. 1991 215 $a251 p.$d18 cm 225 2 $a<> Livre de Poche$v9516 410 0$12001$a<> Livre de Poche 454 1$12001 461 1$1001-------$12001 606 $aLetteratura maghrebina$xNarrativa 676 $a943.914 700 1$aMAALOUF,$bAmin$0243958 801 0$aIT$bsalbc$gISBD 912 $a990003311160203316 951 $aII.10.A.20$b9338 DSLL 959 $aBK 969 $aDSLL 979 $aDSLL$b90$c20090915$lUSA01$h1243 979 $aDSLL$b90$c20091005$lUSA01$h1333 979 $aDSLL$b90$c20091006$lUSA01$h1526 996 $aJardins de lumière$91122151 997 $aUNISA